000
00240nam a2200097Ia 4500
005
20250424112851.0
008
250424s9999 xx 000 0 und d
300
_a
vii. 236 p. ill. ; 28 cm.
650
_a
communication development
942
_c
SR
999
_c
37592
_d
37592